MESTSKÁ KNIŽNICA GIRALTOVCE  - online katalóg 

Pančuchové blues (Record no. 15134)

000 -NÁVESTIE
fixed length control field 00817nam a2200265 a 4500
008 - ÚDAJE S PEVNOU DĹŽKOU – VŠEOBECNÉ INFORMÁCIE
fixed length control field 951027s1989||||[C 0 slo c
020 ## - MEDZINÁRODNÉ ŠTANDARDNÉ ČÍSLO KNIHY (ISBN)
Medzinárodné štandardné číslo knihy (ISBN) 8022200522
Údaje o dostupnosti 22 Kčs.
Qualifying information (1500 výtl.)
040 ## - ZDROJ KATALOGIZÁCIE
Pôvodná katalogizujúca agentúra SNK
Jazyk katalogizácie slo
Prepisujúca agentúra SNK
Konvencie popisu AACR2
041 1# - KÓD JAZYKA
Kód jazyka textu/zvukovej stopy alebo samostatných nápisov slo
Kód jazyka originálu a/alebo sprostredkujúcich prekladov textu slo
044 ## - KÓD KRAJINY VYDAVATEĽA/PRODUCENTA
Kód krajiny MARC xo
Kód krajiny ISO SK
080 ## - ČÍSLO MEDZINÁRODNÉHO DESATINNÉHO TRIEDENIA (MDT)
Číslo Medzinárodného desatinného triedenia (MDT) 885.4-1
080 ## - ČÍSLO MEDZINÁRODNÉHO DESATINNÉHO TRIEDENIA (MDT)
Číslo Medzinárodného desatinného triedenia (MDT) 784.66
100 1# - OSOBNÉ MENÁ – VŠEOBECNÉ INFORMÁCIE
Osobné meno Štrasser, Ján
Kód roly aut
245 10 - NÁZOV
Názov Pančuchové blues
Údaj o zodpovednosti atď. Ján Štrasser ; Peter Zajac, Peter Zajac, Ladislav Vančo, Peter Zajac
250 ## - ÚDAJ O PORADÍ VYDANIA
Údaj o poradí vydania 1., vyd.
260 ## - VYDAVATEĽSKÉ ÚDAJE, DISTRIBÚCIA ATĎ.
Miesto publikovania, distribúcie atď. Bratislava
Názov vydavateľa, distibútora atď. Tatran
Dátum publikovania, distribúcie atď. 1989
Miesto výroby Banská Bystrica
Výrobca Tlačiarne SNP
300 ## - FYZICKÝ POPIS
Rozsah 144 s., 5,56 AH
Rozmery 15 cm
490 0# - EDÍCIA
Edícia Darčeky
Zväzok/sekvenčné označenie Zv. 6.
500 ## - VŠEOBECNÁ POZNÁMKA
Formátovaná poznámka o obsahu Rad Pieseň. Ilustr. na front.
700 1# - PRIDANÝ VSTUP – OSOBNÉ MENO
Osobné meno Zajac, Peter
Kód roly com
700 1# - PRIDANÝ VSTUP – OSOBNÉ MENO
Osobné meno Zajac, Peter
Kód roly [ADC]
700 1# - PRIDANÝ VSTUP – OSOBNÉ MENO
Osobné meno Vančo, Ladislav
Kód roly bkd
700 1# - PRIDANÝ VSTUP – OSOBNÉ MENO
Osobné meno Zajac, Peter
Kód roly oth
958 ## - Formálny deskriptor
Formálny deskriptor A
Holdings
Stav stiahnutia (Blokovanie) (Withrawn status) Stav straty Stav poškodenia (Damaged status) Nie pre výpožičky (Not for loan) Spôsob nadobudnutia (Collection code) Trvalé umiestnenie Aktuálne umiestnenie Dátum nadobudnutia Náklady, bežná kúpna cena Inventárne číslo (prírastkové číslo) Full call number Dátum posledného výskytu Cena s účinnosťou od Typ jednotky Koha
        Kúpa Mestská knižnica Giraltovce Mestská knižnica Giraltovce 2019-11-29 22.00 14171 I 0242 2019-11-29 2019-11-29 Odborná literatúra pre dospelých

Powered by Koha